| 000 | 00396nam a22001457a 4500 | ||
|---|---|---|---|
| 020 | _a9781108460842 | ||
| 082 | _a361.3 | ||
| 100 | _aLouise Harms and Marie Connolly | ||
| 245 | _aSocial Work: from theory to practice | ||
| 250 | _a3rd edition | ||
| 260 |
_aUK _bCambridge University Press _c2019 |
||
| 300 | _a197p | ||
| 942 |
_2ddc _cBK |
||
| 999 |
_c586353 _d586353 |
||